Tesauro de medio ambiente
Furkejuvvon:
| Váldodahkki: | |
|---|---|
| Searvvušdahkkit: | , , |
| Materiálatiipa: | Girji |
| Giella: | espánnjágiella |
| Almmustuhtton: |
Madrid
Ministerio de Obras Públicas y Urbanismo
1990
|
| Ráidu: | Textos y Documentos
|
| Fáttát: | |
| Fáddágilkorat: |
Lasit fáddágilkoriid
Eai fáddágilkorat, Lasit vuosttaš fáddágilkora!
|
MARC
| LEADER | 00000nam a2200000 a 4500 | ||
|---|---|---|---|
| 001 | UCI6480 | ||
| 003 | CL-VaPUC | ||
| 008 | 080509e19900000SP |||||||||||||||||spa|d | ||
| 020 | |a 8474336686 | ||
| 082 | 0 | 4 | |a 025.495 |b PAL |2 21 |
| 100 | |a Pallardó Comas, María Flores |e autora |9 529409 | ||
| 110 | 2 | |a MOPU |e author |9 529410 | |
| 710 | 2 | |a Ministerio de Obras Públicas y Urbanismo |e author |9 529411 | |
| 710 | 2 | |a Secretaría General de Medio Ambiente |e author |9 529412 | |
| 245 | 1 | 0 | |a Tesauro de medio ambiente |
| 300 | |a 319 p | ||
| 942 | |c BK | ||
| 945 | |d 20080509 00:00:00 |a cmena | ||
| 260 | |a Madrid |b Ministerio de Obras Públicas y Urbanismo |c 1990 | ||
| 500 | |a Incluye diskette | ||
| 650 | 7 | |a TESAUROS |2 CL-VaPUC |9 367083 | |
| 650 | 0 | |a Medio ambiente |9 257625 | |
| 650 | 7 | |a TESAURO |2 CL-VaPUC |9 394063 | |
| 583 | |a last modification |c 20080509 00:00:00 |k Rodrigo Vera | ||
| 490 | 0 | |a Textos y Documentos | |
| 999 | |c 329976 |d 329974 | ||